000 00611nam a2200193 i 4500
001 96726
003 ES-MaACL
007 t|
008 050630q1929 sp ||||1| spa d
100 1 _aMan, Henri de.
_975905
245 1 0 _aMás allá del marxismo /
_cHenri de Man; traducción de V. Marco Miranda.
260 _aMadrid :
_bAguilar,
_c[1929?]
300 _a482 p. ;
_c19 cm.
490 1 _aBiblioteca de Ideas y Estudios Contemporáneos
700 1 _aMiranda, V. Marco.
_981539
830 0 _aBiblioteca de Ideas y Estudios Contemporáneos
_9180868
852 _aES-MaACL
_jB-2811
999 _c96726
_d96726